Deel 20, № 2; Physica

Bibliographic Details
Parent link:Physica: journal. Deel 20, № 2.— , 1933, 1950-1973
Language:English
Published: 1954
Format: Book
KOHA link:https://koha.lib.tpu.ru/cgi-bin/koha/opac-detail.pl?biblionumber=580294

MARC

LEADER 00000nam2a2200000 4500
001 580294
005 20231101130541.0
035 |a (RuTPU)RU\TPU\prd\279986 
035 |a RU\TPU\prd\279966 
090 |a 580294 
100 |a 20180917b19331973k y0engy50 ba 
101 0 |a eng 
102 |a NL 
200 0 |a Deel 20, № 2 
210 |d 1954 
461 1 |0 (RuTPU)RU\TPU\prd\323  |t Physica  |o journal  |v Deel 20, № 2  |d 1933, 1950-1973 
801 0 |a RU  |b 63413507  |c 20010227  |g PSBO 
801 1 |a RU  |b 63413507  |c 20150205 
801 2 |a RU  |b 63413507  |c 20181119  |g RCR 
942 |c BK 
999 |a НТБ_ТПУ  |b НФ  |e -8/20180109  |p П-3703  |u 0,00  |v 1  |x 3345